Falling Behind - Laufey - Statistics

General Stats
  • This quiz has been taken 430 times
  • The average score is 126 of 159
Answer Stats
Hint Answer % Correct
I
99%
a
98%
A
98%
in
95%
And
94%
and
94%
be
94%
love
93%
love,
93%
to
93%
To
93%
new
92%
on
92%
the
91%
Chorus The
91%
falling
89%
I'm
89%
me
89%
behind
86%
is
86%
city
85%
my
85%
My
85%
down
84%
Everybody's
84%
best
83%
guy
83%
out
83%
found
82%
friends
81%
getting
81%
June
81%
Verse 1 Moved
81%
never
81%
older
81%
sky
81%
cry
80%
only
80%
can
79%
had
79%
shoulder
79%
sun's
79%
Chorus 'Cause
77%
engaged
77%
find
77%
I've
76%
Someone
76%
someone
76%
that
76%
air
75%
call
75%
romance
75%
all
74%
dawning
73%
mine
73%
sickly
72%
right
71%
Lovers
70%
without
70%
can't
69%
care
69%
this
68%
Oh
66%
stroll
65%
sight
64%
go
49%
ocean
49%
but
48%
life
47%
way
47%
won't
47%
fell
46%
burned
44%
skin
44%
Stepped
44%
Verse 2 Touched
43%
nova
42%
outside
42%
Bossa
41%
room
41%
I'll
40%
because
39%
too
31%
find's
15%
Hoped
13%
No matching quizzes found
Score Distribution
Percent of People with Each Score
Percentile by Number Answered
Your Score History
You have not taken this quiz